Normal view
MARC view
- Whitton, Frederick Ernest
Entry Personal Name
001 - CONTROL NUMBER
- control field: 50260
003 - CONTROL NUMBER IDENTIFIER
- control field: NUST
005 - DATE AND TIME OF LATEST TRANSACTION
- control field: 20210314134553.0
008 - FIXED-LENGTH DATA ELEMENTS
- fixed length control field: 210314|| aca||aabn | a|a d
040 ## - CATALOGING SOURCE
- Original cataloging agency: NUST
- Transcribing agency: NUST
100 ## - HEADING--PERSONAL NAME
- Personal name: Whitton, Frederick Ernest
670 ## - SOURCE DATA FOUND
- Source citation: Work cat.: (NUST): Whitton, Frederick Ernest,, The American war of independence,, 1931.
